000
00290nam a2200133Ia 4500
100
_a
Walker .A.P
942
_c
BK
654
_a
Nab Engineering
245
_a
Nab Engineering Hand Book
260
_b
McGraw Hill
_a
New York
_c
1960
082
_a
621.3
_b
Wal
546
_a
ENGLISH
999
_c
28629
_d
28629